<?xml version="1.0" encoding="UTF-8"?>
<collection xmlns="http://www.loc.gov/MARC21/slim">
 <record>
  <leader>00615pamaa2200157   4500</leader>
  <controlfield tag="001">0000051486</controlfield>
  <controlfield tag="005">20130625090000.0</controlfield>
  <controlfield tag="008">130628                             eng  </controlfield>
  <datafield tag="245" ind1="0" ind2="0">
   <subfield code="a">Utusan Konsumer : </subfield>
   <subfield code="b">vol. 40, no.1-5, 2010.</subfield>
  </datafield>
  <datafield tag="260" ind1="0" ind2="0">
   <subfield code="a">Pulau Pinang, Malaysia: </subfield>
   <subfield code="b">Consumers? Association od Penang, </subfield>
   <subfield code="c">1995-.</subfield>
  </datafield>
  <datafield tag="300" ind1=" " ind2=" ">
   <subfield code="a">v.: </subfield>
   <subfield code="b">ill.; </subfield>
   <subfield code="c">39 cm..</subfield>
  </datafield>
  <datafield tag="500" ind1="0" ind2="0">
   <subfield code="a">Fortnightly paper of the Consumers? Association of Penang</subfield>
  </datafield>
  <datafield tag="650" ind1="0" ind2="0">
   <subfield code="a">Consumer protection -- </subfield>
   <subfield code="x">Periodicals -- </subfield>
   <subfield code="z">Malaysia </subfield>
  </datafield>
  <datafield tag="650" ind1="0" ind2="0">
   <subfield code="a">Consumer education -- </subfield>
   <subfield code="x">Periodicals -- </subfield>
   <subfield code="z">Malaysia </subfield>
  </datafield>
  <datafield tag="710" ind1="1" ind2="1">
   <subfield code="a">Consumers Association of Penang </subfield>
  </datafield>
  <datafield tag="901" ind1=" " ind2=" ">
   <subfield code="u">http://www.consumer.org.my/</subfield>
  </datafield>
 </record>
</collection>
